000 01759nam a2200241 a 4500
001 ASIN1439801436
003 Nust- CAS-E
005 20180118181355.0
008 140218s2010 xxu eng d
020 _a9781439801437
040 _c0
082 _a621.312136
_bSTA 2010
245 1 0 _aStand-alone and hybrid wind energy systems :
_btechnology, energy storage and applications /
_cJ. K. Kaldellis.
250 _a0th ed.
260 _a[S.l.] :
_bCRC Press,
_c2010.
300 _a420 p. ;
_c24 cm.
490 1 _aWoodhead publishing series in energy.
520 _aWind power generation is fast becoming one of the leading renewable energy sources worldwide. Reliability of power supply is one of the main issues for wind energy systems, and so improved stand-alone and hybrid wind energy systems are being developed, incorporating advanced energy storage and grid integration systems, in order to increase power generation rates and to provide secure power supply to the end user. This book provides a comprehensive reference on the development of both stand-alone and hybrid wind energy systems, as well as energy storage systems and overall systems integration with local grids. Chapters cover the design/construction, modeling/simulation, monitoring/control, and optimization of stand-alone and hybrid wind energy technologies, reviewing their current state and future development. Further to this, many of the energy storage and distribution systems covered in the book are also applicable to other renewable energy generation technologies.
700 1 _aKaldellis, J. K.
830 0 _aWoodhead publishing series in energy.
856 4 0 _3Amazon.com
_uhttp://www.amazon.com/exec/obidos/ASIN/1439801436/chopaconline-20
942 _2ddc
_cBK
999 _c355252
_d355252